| 000 | 00784nam a2200253 a 4500 | ||
|---|---|---|---|
| 001 | 60307 | ||
| 003 | BD-RjUL | ||
| 005 | 20211209080826.0 | ||
| 008 | 161229s1967 nyu 001 0 eng | ||
| 035 | _a(BD-RjUL)60431 | ||
| 040 |
_aDLC _cDLC _dBD-RjUL _beng |
||
| 041 | _aeng | ||
| 082 | 0 | 0 |
_a323.40973 _223 _bSPS 1967 |
| 100 | 1 |
_aSpicer, George W. _q(George Washington), _d1897- _9179472 |
|
| 245 | 1 | 4 |
_aThe Supreme Court and fundamental freedoms / _cGeorge W. Spicer. |
| 250 | _a2d ed. | ||
| 260 |
_aNew York : _bAppleton-Century-Crofts, _cc1967 |
||
| 300 |
_axi, 280 p. ; _c21 cm. |
||
| 490 | 0 | _aCurrent political problems | |
| 500 | _aIncludes index. | ||
| 650 | 0 |
_aCivil rights _zUnited States. _9176367 |
|
| 651 |
_aUnited States. _xSupreme Court. _9179861 |
||
| 942 |
_2ddc _cBK |
||
| 999 |
_c60307 _d60307 |
||